Introductory statistics

Bewaard in:
Bibliografische gegevens
Hoofdauteur: Welss, Neil A.
Formaat: Boek
Taal:Undetermined
Gepubliceerd in: New York Pearson 2005
Onderwerpen:
Tags: Voeg label toe
Geen labels, Wees de eerste die dit record labelt!
Thư viện lưu trữ: Trung tâm Học liệu Trường Đại học Cần Thơ
LEADER 00506nam a2200193Ia 4500
001 CTU_214954
008 210402s9999 xx 000 0 und d
082 |a 519.1 
082 |b W458 
100 |a Welss, Neil A. 
245 0 |a Introductory statistics 
245 0 |c Neil A. Welss 
260 |a New York 
260 |b Pearson 
260 |c 2005 
650 |a Statistics 
904 |i Năm 
910 |a Sách kèm CD-ROM có số AV.001908 
980 |a Trung tâm Học liệu Trường Đại học Cần Thơ